000 01022nam a2200301Ia 4500
003 OSt
005 20221007121703.0
006 a|||||r|||| 00| 0
007 ta
008 221006b |||||||| |||| 00| 0 eng d
020 _cRs.150.00
024 _a4766
037 _bResearchco,
_cTextual
040 _aBDL
_cBDL
_beng
041 _2eng
_aeng
082 _aI221:f3, M7
100 _aKaushik B D
_9712735
245 0 _aLaboratory methods for blue-green algae by B D Kaushik
260 _aNew
_bDelhi Associated Publishing Company
_c1987
300 _axii,171p
_ccm.
500 _aBibliography 120-126; Index 162-171p; ^n23/CSL/Carb/97-98/4873^d1997-12-17^mPurchase; ; 97-98/296^b1998-02-06^cRBC-1091/97/R^d1998-01-10^eResearchco Book Centre; ; 1998-02-20^r1998-04-15
650 _a Algae
650 _a Blue-Green algae
_9712736
650 _a Laboratory methods
_9712737
650 _aBotany
942 _hI221:f3, M7
_cTEXL
_2CC
999 _c1209186
_d1209186